000 00896cab a2200277 4500
001 ABS60222
008 090401t1999 xxu||||| |||| 00| 0 eng d
035 _a(Sirsi) u99734
041 _aeng
100 _aMartin, J.
245 _aProtection of immunity
260 _c1999
350 _a0
490 _aEstates Gazette
_v(9908) 27 February 1999, 167(1)
520 _aThose with planning rights under superseded statutes are not deprived of their rights by later legislation. Discusses this issue in the light of "Panton and Farmer v SoS for the Environment".
650 _aIMMUNITY
650 _aLEGISLATION
650 _aPLANNING AND COMPENSATION ACT 1991
650 _aPLANNING RIGHTS
650 _aSUPERSEDED STATUTES
650 _aTOWN AND COUNTRY PLANNING ACT 1990
690 _aPLANNING LAW AND PRACTICE
700 _aEdwards, M.
942 _n0
948 _c04/03/1999
999 _c59971
_d59971